| 000 | 00470cam a22001934a 4500 | ||
|---|---|---|---|
| 005 | 20250605164322.0 | ||
| 008 | 250528s ||||||||||||||||||||||||d | ||
| 035 | _a22943 | ||
| 020 | _a9780415183192 | ||
| 040 |
_aGR-AtMCL _bgre _dGR-AtMCL _eAACR2 |
||
| 245 | 1 | _aRACISM, GENDER IDENTITIES AND YOUNG CHILDREN | |
| 250 | _a1 | ||
| 260 |
_bRouledge, _c1998 |
||
| 300 | _a214 | ||
| 700 | 1 |
_aConnoly Paul _98562 |
|
| 942 | _cBK | ||
| 999 |
_c7986 _d7986 |
||